LIBRARY ONLINE CATALOGUE

"School in the clouds" : (Record no. 21544)

MARC details
000 -LEADER
fixed length control field 01169cam a22003374a 4500
001 - CONTROL NUMBER
control field 13448845
003 - CONTROL NUMBER IDENTIFIER
control field OSt
005 - DATE AND TIME OF LATEST TRANSACTION
control field 20260318120521.0
008 - FIXED-LENGTH DATA ELEMENTS--GENERAL INFORMATION
fixed length control field 040105s2003 caua b 000 0 eng
010 ## - LIBRARY OF CONGRESS CONTROL NUMBER
LC control number 2004040650
020 ## - INTERNATIONAL STANDARD BOOK NUMBER
International Standard Book Number 087808357X
Qualifying information pbk.
035 ## - SYSTEM CONTROL NUMBER
System control number 13448845
040 ## - CATALOGING SOURCE
Original cataloging agency DLC
Transcribing agency DLC
Modifying agency DLC
042 ## - AUTHENTICATION CODE
Authentication code pcc
043 ## - GEOGRAPHIC AREA CODE
Geographic area code f-ke---
050 00 - LIBRARY OF CONGRESS CALL NUMBER
Classification number LG418.5.K54
Item number D69 2003
082 00 - DEWEY DECIMAL CLASSIFICATION NUMBER
Classification number 372.9676/27
Edition number 22
100 1# - MAIN ENTRY--PERSONAL NAME
Personal name Dow, Phil,
Dates associated with a name 1970-
245 10 - TITLE STATEMENT
Title "School in the clouds" :
Remainder of title the Rift Valley Academy story /
Statement of responsibility, etc. Phil Dow.
260 ## - PUBLICATION, DISTRIBUTION, ETC. (IMPRINT)
Place of publication, distribution, etc. Pasadena, Calif. :
Name of publisher, distributor, etc. W. Carey Library,
Date of publication, distribution, etc. c2003.
300 ## - PHYSICAL DESCRIPTION
Extent 274 p., 16 p. of plates :
Other physical details ill. ;
Dimensions 23 cm.
336 ## - CONTENT TYPE
Content type term text
Content type code txt
Source rdacontent
337 ## - MEDIA TYPE
Media type term unmediated
Media type code n
Source rdamedia
338 ## - CARRIER TYPE
Carrier type term volume
Carrier type code nc
Source rdacarrier
504 ## - BIBLIOGRAPHY, ETC. NOTE
Bibliography, etc Includes bibliographical references.
610 20 - SUBJECT ADDED ENTRY--CORPORATE NAME
Corporate name or jurisdiction name as entry element Rift Valley Academy (Kijabe, Kenya)
General subdivision History.
906 ## - LOCAL DATA ELEMENT F, LDF (RLIN)
a 7
b cbc
c orignew
d 1
e ocip
f 20
g y-gencatlg
942 ## - ADDED ENTRY ELEMENTS (KOHA)
Source of classification or shelving scheme Library of Congress Classification
Koha item type General Collection
Holdings
Withdrawn status Lost status Source of classification or shelving scheme Not for loan Home library Current library Shelving location Date acquired Source of acquisition Inventory number Total Checkouts Full call number Barcode Date last seen Copy number Price effective from Koha item type
    Library of Congress Classification   Kabarak, Main Campus Kabarak, Main Campus General Stacks 18/03/2026 Donation 2025/2626   LG418.5.K54 D69 2003 C.1 38938 18/03/2026 C.1 18/03/2026 General Collection